000 00311nam a22001337a 4500
008 170413b xxu||||| |||| 00| 0 eng d
020 _a9781932603545
041 _aeng
080 _a618
100 _a10
101 _aSHM
245 _aCOMPLETEARY AND ALTENATIVE MEDICINE
_cBOWLING .A.C
942 _2udc
_cBK
999 _c10633
_d10633